A practical approach to technical illustration / (Record no. 20211)

MARC details
000 -CABECERA
campo de control de longitud fija 00800nam a2200253 4500
003 - IDENTIFICADOR DEL NÚMERO DE CONTROL
campo de control OSt
005 - FECHA Y HORA DE LA ÚLTIMA TRANSACCIÓN
campo de control 20260601171004.0
008 - DATOS DE LONGITUD FIJA--INFORMACIÓN GENERAL
campo de control de longitud fija 260506b1968\\\\enka||||\||||\00|\0\eng\d
040 ## - FUENTE DE LA CATALOGACIÓN
Centro catalogador/agencia de origen ICI
Lengua de catalogación spa
Centro/agencia transcriptor ICI
050 ## - SIGNATURA TOPOGRÁFICA DE LA BIBLIOTECA DEL CONGRESO
Número de clasificación NC730
Número de documento/Ítem B38 1968
100 #1 - ENTRADA PRINCIPAL--NOMBRE DE PERSONA
Nombre de persona Batho, Robert,
9 (RLIN) 31946
245 #1 - MENCIÓN DE TÍTULO
Título A practical approach to technical illustration /
Mención de responsabilidad, etc. Robert Batho.
264 ## - PRODUCCIÓN, PUBLICACIÓN, DISTRIBUCIÓN, FABRICACIÓN Y COPYRIGHT
Nombre del de productor, editor, distribuidor, fabricante Frederick Muller,
Fecha de producción, publicación, distribución, fabricación o copyright 1968.
Producción, publicación, distribución, fabricación y copyright London :
300 ## - DESCRIPCIÓN FÍSICA
Extensión 72 páginas
Dimensiones 25cm.
336 ## - TIPO DE CONTENIDO
Término de tipo de contenido texto
Fuente rdacontent
337 ## - TIPO DE MEDIO
Nombre/término del tipo de medio sin medio
Fuente rdamedia
338 ## - TIPO DE SOPORTE
Nombre/término del tipo de soporte volumen
Fuente rdacarrier
650 ## - PUNTO DE ACCESO ADICIONAL DE MATERIA--TÉRMINO DE MATERIA
Término de materia o nombre geográfico como elemento de entrada Technical illustration.
9 (RLIN) 31947
650 ## - PUNTO DE ACCESO ADICIONAL DE MATERIA--TÉRMINO DE MATERIA
Término de materia o nombre geográfico como elemento de entrada Drawing
Subdivisión general Technique.
9 (RLIN) 31948
650 ## - PUNTO DE ACCESO ADICIONAL DE MATERIA--TÉRMINO DE MATERIA
Término de materia o nombre geográfico como elemento de entrada Visual communication
Subdivisión general Technical aspects.
9 (RLIN) 31949
650 ## - PUNTO DE ACCESO ADICIONAL DE MATERIA--TÉRMINO DE MATERIA
Término de materia o nombre geográfico como elemento de entrada Scientific illustration.
9 (RLIN) 31950
650 ## - PUNTO DE ACCESO ADICIONAL DE MATERIA--TÉRMINO DE MATERIA
Término de materia o nombre geográfico como elemento de entrada Graphic design
Subdivisión general Technique.
9 (RLIN) 31951
942 ## - ELEMENTOS DE PUNTO DE ACCESO ADICIONAL (KOHA)
Fuente del sistema de clasificación o colocación Library of Congress Classification
Tipo de ítem Koha Libros

No items available.